| 000 | 00000nam##2200000za#4500 |
| 001 | 9.643036 |
| 003 | CaOODSP |
| 005 | 20210624224002 |
| 007 | cr ||||||||||| |
| 008 | 150407|2005||||xxc|||||o f|0| 0 fre|d |
| 040 | |aCaOODSP|bfre |
| 043 | |an-cn--- |
| 086 | 1 |aEn84-112/2005F-PDF |
| 110 | 1 |aCanada. |bEnvironnement Canada. |
| 245 | 10|aMise en commun de la surveillance écologique et de la prise de décision au niveau local et au niveau du paysage / |h[ressource électronique]|ccréé par Marlene Doyle et Maureen Lynch. |
| 260 | |aOttawa - Ontario : |bEnvironnement Canada |cFévrier 2005. |
| 300 | |a58p.|bcartes en couleur, figures (certaines en couleur), références, tableaux, photographies |
| 500 | |a« Documents présentés au symposium sur la science et la technologie de la surveillance du Consortium for Advancing Monitoring of Ecosystem Sustainability in the Americas (CAMESA), en septembre 2004, à Denver, au Colorado »--Page 3. |
| 590 | |a14-08-Supp|b2014-04-10 |
| 691 | 07|aGestion de l'environnement|2gcpds |
| 691 | 07|aPartenariat communautaire|2gcpds |
| 775 | 08|tLinking ecological monitoring to decision-making at community and landscape scales / |w(CaOODSP)9.698987 |
| 856 | 40|ahttp://publications.gc.ca|qPDF|s1010 Ko|uhttps://publications.gc.ca/collections/collection_2014/ec/En84-112-2005-fra.pdf |